Leader xxxxxxxxxx
001 __ PCLIS00043787
005 __ 20220104132531.0
010 0_ |a978-957-445-421-1|b平裝|dNT$300
100 __ |a20111120d2011 m y0chiy09 e
101 1_ |achi|ceng
102 __ |atw
105 __ |ay z 000za
200 1_ |a我的吉普賽人生|f麥基.沃爾胥(Mikey Walsh)著|g舒靈譯
205 __ |a一版
210 __ |a臺北市|c書林出版|c紅螞蟻經銷|d2011[民100]
215 0_ |a269面|d21公分
225 2_ |a開放文庫|v3
454 __ |12001 |aGypsy boy|zeng
600 __ |2csh|a沃爾胥(Walsh, Mikey)
606 __ |2csh|a吉普賽人
606 __ |2csh|a傳記
681 __ |a536.91|b8634
700 _1 |a沃爾胥|c(Walsh, Mikey)|4著
702 _1 |a舒|b靈|4譯
770 _1 |aWalsh, Mikey
801 _0 |atw|b內湖高中|c20111120|gCCR
|